Normal view MARC view

Entry Personal Name

Number of records used in: 2

001 - CONTROL NUMBER

  • control field: 40014

003 - CONTROL NUMBER IDENTIFIER

  • control field: MY-SjTCS

005 - DATE AND TIME OF LATEST TRANSACTION

  • control field: 20191205134007.0

008 - FIXED-LENGTH DATA ELEMENTS

  • fixed length control field: 140102nn a|a||abb| a a|a d

039 #9 -

  • : 201401020942
  • : shuhada

040 ## - CATALOGING SOURCE

  • Original cataloging agency: VRT
  • Transcribing agency: VRT

100 1# - HEADING--PERSONAL NAME

  • Personal name: Allen, Lindsay,
  • Dates associated with a name: 1946-

670 ## - SOURCE DATA FOUND

  • Source citation: Encyclopedia of human nutrition, 2005.:
  • Information found: t.p. (editor-in-chief, Benjamin Caballero ; editors, Lindsay Allen, Andrew Prentice.)

999 ## -

  • : VIRTUA4 x

999 ## -

  • : VTLSSORT0080*0400*1000*6700*9991